| 000 | 00898nam a22002537a 4500 | ||
|---|---|---|---|
| 005 | 20170123162329.0 | ||
| 010 | _aA-372977 | ||
| 020 | _c50.00 | ||
| 035 | _aA-372977 | ||
| 037 | _bCen Lib/Ret | ||
| 040 |
_aDPL _bUR |
||
| 082 |
_a841.08 _b م ظ ه |
||
| 100 |
_aمظہر احمد _9120565 |
||
| 245 |
_aجدید اردو شاعری اور خلیل الرحمن اعظمی _cمظہر احمد |
||
| 246 |
_aJadeed urdu shairi aur Khalilur Rahman Azmi / _bby Mazhar Ahmad |
||
| 260 |
_aدہلی _bشبانہ پبلیکیشنز _c1989 |
||
| 270 |
_bدہلی _a٢٠١٣، موہللہ قبرستان ترکمان گیٹ _e110006 |
||
| 300 |
_a166p. _c21cm(Hb) |
||
| 650 |
_a ادب - اردو _9120566 |
||
| 650 |
_a اردو نظمیں _9120567 |
||
| 650 |
_aLiterature -- Urdu _9120568 |
||
| 650 |
_aUrdu poems _9120569 |
||
| 942 |
_2ddc _cUR _h841.08 _m م ظ ه |
||
| 999 |
_c107653 _d107653 |
||